Loading...
| Current Events | 3 | 16.67 | 100% | 33% | 33% |
| Fine Arts - Auditory Fine Arts | 4 | 20.00 | 100% | 75% | 25% |
| Fine Arts - Other Fine Arts | 4 | 20.00 | 100% | 50% | 50% |
| Fine Arts - Visual Fine Arts | 3 | 20.00 | 100% | 100% | 0% |
| History - American History | 7 | 12.86 | 86% | 29% | 14% |
| History - European History | 6 | 11.67 | 100% | 17% | 0% |
| History - Other History | 7 | 12.86 | 100% | 29% | 0% |
| History - World History | 6 | 20.00 | 100% | 83% | 17% |
| Literature - American Literature | 4 | 27.50 | 100% | 100% | 75% |
| Literature - British Literature | 2 | 20.00 | 100% | 50% | 50% |
| Literature - European Literature | 6 | 18.33 | 100% | 67% | 17% |
| Literature - World Literature | 3 | 26.67 | 100% | 100% | 67% |
| Mythology | 3 | 23.33 | 100% | 67% | 67% |
| Other Academic | 2 | 20.00 | 100% | 100% | 0% |
| Philosophy | 6 | 16.67 | 100% | 50% | 17% |
| Religion | 5 | 20.00 | 100% | 80% | 20% |
| Science - Biology | 4 | 20.00 | 100% | 75% | 25% |
| Science - Chemistry | 7 | 22.86 | 100% | 71% | 57% |
| Science - Other Science | 8 | 20.00 | 100% | 63% | 38% |
| Science - Physics | 4 | 22.50 | 100% | 100% | 25% |
| Social Science | 8 | 16.25 | 100% | 50% | 13% |